Guide Book foe Inplementation of NPCC Curriculum (Record no. 370440)

MARC details
000 -LEADER
fixed length control field 00411nam a2200157 4500
005 - DATE AND TIME OF LATEST TRANSACTION
control field 20260213120930.0
008 - FIXED-LENGTH DATA ELEMENTS--GENERAL INFORMATION
fixed length control field 260213b |||||||| |||| 00| 0 eng d
041 ## - LANGUAGE CODE
Language code of text/sound track or separate title English
082 ## - DEWEY DECIMAL CLASSIFICATION NUMBER
Classification number 610 INC SB0089
100 ## - MAIN ENTRY--PERSONAL NAME
Author INC
245 ## - TITLE STATEMENT
Title Guide Book foe Inplementation of NPCC Curriculum
260 ## - PUBLICATION, DISTRIBUTION, ETC.
Place of publication, distribution, etc. New Delhi
Name of publisher, distributor, etc. Indian Nursing Council
Date of publication, distribution, etc. 2017
300 ## - PHYSICAL DESCRIPTION
Extent 51p
Other physical details pb
365 ## - TRADE PRICE
Price type code rupaye
Price amount 100
Currency code INR
942 ## - ADDED ENTRY ELEMENTS (KOHA)
Koha item type Syllabus
Holdings
Withdrawn status Lost status Source of classification or shelving scheme Damaged status Not for loan Home library Current library Date acquired Net Price Total Checkouts Full call number Barcode Date last seen Bill Date Koha item type Original Barcode
    Dewey Decimal Classification     Smt. Bakul Tambat Institute of Nursing Education Smt. Bakul Tambat Institute of Nursing Education 09/02/2026 100.00   610 INC SB0089 BTIN-SB-89 13/02/2026 13/02/2026 Syllabus BTIN-SB-89